000 00521nam a2200193Ia 4500
001 24194
003 IN-NITTTR
005 20251114233310.0
008 251113s9999||||xx |||||||||||||| ||eng||
040 _beng
040 _cIN-NITTTR
041 _aeng
082 _a004.64 H19A
100 _aHandel, Rainer
245 0 _aATM networks :
_b concepts, protocols, applications /
_cHandel, Rainer, Huber, Manfred N., Schroder, Stefan
700 _a Huber, Manfred N.
700 _a Schroder, Stefan
942 _2ddc
_cBK
999 _c26823
_d26823